000 01204nam a2200325 a 4500
001 000011529
005 20250716114918.0
008 091019s1976 sp abd 001 0 spa
020 _a8434434202
040 _aDO-SdBNP
_bspa
_cBNPHU
041 1 7 _aspa
_hfre
_2Código de idioma MARC
082 _a910.133
_bG347p, 1976
100 1 _aGeorge, Pierre
_d1859-1891.
_927274
240 1 0 _aPanorama du monde actuel,
_d1968,
_lfrancés
245 1 0 _aPanorama del mundo actual /
_cPierre George ; traductor Pablo Bordonaba.
250 _a2a ed.
260 _aBarcelona :
_bAriel,
_c1976.
300 _a318 p. :
_bil., mapas, tablas ;
_c20 cm.
490 1 _aEl cano la geografía y sus problemas
_v5
504 _aIncluye referencias bibliográficas y notas al pie de las páginas.
504 _aBibliografías: p. 297-318.
534 _pTítulo original en francés:
_tPanorama du monde actuel
650 0 _aGeografía económica
_927275
650 4 _aCaracterísticas demográficas
_927276
650 4 _aDensidad de población
_927277
650 4 _aDinámica de la población
_927278
830 3 _aEl cano la geografía y sus problemas
_v5
_927279
910 _aCatalogación Original
049 _aBNGR
999 _c11225
_d11225